Normal view
MARC view
Entry Personal Name
001 - CONTROL NUMBER
- control field: 6981
003 - CONTROL NUMBER IDENTIFIER
- control field: AM-YEHGA
005 - DATE AND TIME OF LATEST TRANSACTION
- control field: 20250617070511.0
008 - FIXED-LENGTH DATA ELEMENTS
- fixed length control field: 151028|| aca||aabn | a|a d
040 ## - CATALOGING SOURCE
- Original cataloging agency: AM-YEHGA
100 1# - HEADING--PERSONAL NAME
- Personal name: Աթաբեկյան, Արփի,
- Dates associated with a name: 1989-
370 ## - ASSOCIATED PLACE
- Place of birth: Երևան
- Associated country: Հայաստան
- Place of residence/headquarters: Բեռլին (Գերմանիա)
372 ## - FIELD OF ACTIVITY
- Field of activity: Գրականություն
373 ## - ASSOCIATED GROUP
- Associated group: Երևանի պետական համալսարան, Արևելագիտության ֆակուլտետ
- Start period: 2006
- End period: 2011
373 ## - ASSOCIATED GROUP
- Associated group: Հումբոլդտի համալսարան
- Start period: 2011
- End period: 2014
374 ## - OCCUPATION
- Occupation: Թարգմանիչ
- Occupation: Թուրքագետ
375 ## - GENDER
- Gender: Իգական
377 ## - ASSOCIATED LANGUAGE
- Language code: arm
400 1# - SEE FROM TRACING--PERSONAL NAME
- Personal name: Աթաբեկյան, Արփի Ներսեսի,
- Dates associated with a name: 1989-
670 ## - SOURCE DATA FOUND
- Source citation: Իմ անունը Կարմիր է / Ֆերիտ Օրհան Փամուք, թարգմ. ՝ Արփի Աթաբեկյան, 2014:
- Information found: տիտղթ. Արփի Աթաբեկյան
ՀՀ Գիտությունների ազգային ակադեմիայի հիմնարար գիտական գրադարան = Fundamental Scientific Library of NAS RA
All site content, except where otherwise noted, is licensed under a